SCREW IT LET S DO IT (Record no. 25380)

MARC details
000 -LEADER
fixed length control field 00321nam a2200133Ia 4500
008 - FIXED-LENGTH DATA ELEMENTS--GENERAL INFORMATION
fixed length control field 240624s9999 xx 000 0 und d
041 ## - LANGUAGE CODE
Language code of text/sound track or separate title eng
082 ## - DEWEY DECIMAL CLASSIFICATION NUMBER
Classification number 158 BRA
100 ## - MAIN ENTRY--PERSONAL NAME
Personal name BRANSON RICHARD
245 ## - TITLE STATEMENT
Title SCREW IT LET S DO IT
260 ## - PUBLICATION, DISTRIBUTION, ETC.
Date of publication, distribution, etc. 2007
Place of publication, distribution, etc. New Delhi
Name of publisher, distributor, etc. Random House India
300 ## - PHYSICAL DESCRIPTION
Extent 240 : p.
365 ## - TRADE PRICE
Currency code RS
Price amount 30
Holdings
Withdrawn status Lost status Damaged status Not for loan Home library Current library Shelving location Date acquired Source of acquisition Cost, normal purchase price Total Checkouts Full call number Barcode Date due Date last seen Date last checked out Copy number Price effective from Koha item type
        IMTN IMTN Rack 1-B 11/04/2015 VBC 550.00 2 158 BRA 25380 10/22/2025 10/12/2025 10/12/2025 1 06/24/2024 Books
Designed & Maintained by: LRC IMT Nagpur Contact: lrc@imtnag.ac.in© 2024. All Rights Reserved.